[Event "2015: The Year Of Dogecoin"]
[Site "SchemingMind.com"]
[Date "2014.12.29"]
[Round "-"]
[White "emvarela"]
[Black "ray winteringham"]
[Result "1-0"]
[WhiteCountry "ARG"]
[BlackCountry "ENG"]
[WhiteElo "1679"]
[WhiteRD "50"]
[BlackElo "1535"]
[BlackRD "50"]
[GameID "371830"]

1. e4 c5 2. Nf3 e6 3. d4 b6 4. Nc3 cxd4 5. Nxd4 Bb7 6. Bd3 Be7 7. Be3 e5 8. Nb3 Bg5 9. Bxg5 Qxg5 10. Qf3 Qf6
11. Qxf6 Nxf6 12. O-O-O Nc6 13. Nb5 O-O 14. Nd6 Nd8 15. Nxb7 Nxb7 16. Bb5 d6 17. Bc6 Rab8 18. Bxb7 Rxb7 19. f3 Rd8 20. Rd2 Rbd7
21. Rhd1 d5 22. exd5 Rxd5 23. Rxd5 Rxd5 24. Rxd5 Nxd5 25. Nd2 f6 26. Ne4 Kf8 27. a3 Ke7 28. Kd2 Ke6 29. c4 Nc7 30. b4 h6
31. Nc3 g5 32. Kd3 f5 33. a4 h5 34. g3 Kf6 35. a5 bxa5 36. bxa5 a6 37. c5 Ke6 38. Kc4 Kd7 39. Nd5 Nb5 40. Nf6+ Ke6
41. Nxh5 Na3+ 42. Kb4 Nc2+ 43. Kc3 Ne1 44. f4 g4 45. Ng7+ Kf7 46. Nxf5 Nf3 47. Nh6+ Kg6 48. Nxg4 Nd4 49. Nxe5+
1-0

[Event "2015: The Year Of Dogecoin"]
[Site "SchemingMind.com"]
[Date "2014.12.28"]
[Round "-"]
[White "ray winteringham"]
[Black "eun77"]
[Result "1-0"]
[WhiteCountry "ENG"]
[BlackCountry "ISR"]
[WhiteElo "1540"]
[WhiteRD "50"]
[BlackElo "1293"]
[BlackRD "54"]
[GameID "371831"]

1. e4 e5 2. Nf3 d6 3. Bc4 h6 4. d4 Be7 5. O-O Nf6 6. Bd3 exd4 7. Nxd4 O-O 8. c4 Nh7 9. Be3 Bg5 10. Nc2 Bxe3
11. Nxe3 Be6 12. Nc3 Nc6 13. a3 Ne7 14. Qc2 Ng6 15. g3 c5 16. b4 b6 17. b5 Ne5 18. Be2 Qd7 19. f4 Ng4 20. Bxg4
1-0

[Event "2015: The Year Of Dogecoin"]
[Site "SchemingMind.com"]
[Date "2014.12.24"]
[Round "-"]
[White "bobbassbone"]
[Black "ray winteringham"]
[Result "0-1"]
[WhiteCountry "ENG"]
[BlackCountry "ENG"]
[WhiteElo "1566"]
[WhiteRD "55"]
[BlackElo "1525"]
[BlackRD "50"]
[GameID "371832"]

1. d4 Nf6 2. Bf4 d5 3. e3 e6 4. Nd2 Be7 5. c3 Nc6 6. Ngf3 h6 7. Bd3 b6 8. Ne5 Bb7 9. h3 Bd6 10. Qf3 Qe7
11. Bb5 Bxe5 12. Bxe5 O-O-O 13. Qe2 Rhg8 14. Ba6 Nd7 15. Bxb7+ Kxb7 16. Bg3 f5 17. O-O g5 18. b4 Nf6 19. a4 Ra8 20. b5 Na5
21. Rfb1 Rgc8 22. Nb3 Nc4 23. a5 Ne4 24. axb6 cxb6 25. Ra6 Nxc3 26. Qc2 Nxb1 27. Qxb1 Qf7 28. Qa1 Qe7 29. Qa2 Qb4 30. Ra4 Qxb5
31. Ra6 Qxa6
0-1

[Event "2015: The Year Of Dogecoin"]
[Site "SchemingMind.com"]
[Date "2014.12.24"]
[Round "-"]
[White "Stephen Woodhouse"]
[Black "ray winteringham"]
[Result "1-0"]
[WhiteCountry "ENG"]
[BlackCountry "ENG"]
[WhiteElo "1856"]
[WhiteRD "50"]
[BlackElo "1525"]
[BlackRD "50"]
[GameID "371833"]

1. e4 e5 2. Nf3 Nc6 3. d4 exd4 4. Nxd4 Bc5 5. Be3 Bxd4 6. Bxd4 f6 7. Bc4 d6 8. Nc3 Bd7 9. O-O Nxd4 10. Qxd4 b6
11. Qd5 Nh6 12. Qh5+ Kf8 13. f4 Be8 14. Qe2 Bf7 15. e5 d5 16. Rad1 c6 17. e6 Bg6 18. Bd3 Qe7 19. f5 Nxf5 20. Bxf5 Re8
21. Rde1 Bxf5 22. Rxf5 g6 23. Rf3 Kg7 24. Nd1 f5 25. Qe5+ Qf6 26. Qxf6+ Kxf6 27. Rfe3 Re7 28. Kf2 Rhe8 29. Kf3 Rxe6 30. Rxe6+ Rxe6
31. Rxe6+ Kxe6 32. Nc3 b5 33. Kf4 a5 34. Kg5 d4 35. Nd1 c5 36. Kh6 Ke5 37. Kxh7 g5 38. Kg6 Kf4 39. Kf6 g4 40. h4 gxh3
41. gxh3 b4 42. b3 Kg3 43. Kxf5 Kxh3 44. Nf2+ Kg3 45. Ne4+
1-0

[Event "2015: The Year Of Dogecoin"]
[Site "SchemingMind.com"]
[Date "2014.12.30"]
[Round "-"]
[White "Greg Magne"]
[Black "emvarela"]
[Result "1-0"]
[WhiteCountry "CAN"]
[BlackCountry "ARG"]
[WhiteElo "1898"]
[WhiteRD "76"]
[BlackElo "1679"]
[BlackRD "50"]
[GameID "371872"]

1. d4 Nf6 2. c4 e6 3. Nc3 Bb4 4. Qc2 d5 5. a3 Bxc3+ 6. Qxc3 dxc4 7. Bg5 h6 8. Bh4 g5 9. Bg3 c6 10. Qxc4 Qb6
11. Rb1 Nbd7 12. e3 Nd5 13. Bd3 f5 14. Ne2 Qa5+ 15. b4 Qxa3 16. O-O N7b6 17. Qb3 Qxb3 18. Rxb3 O-O 19. b5 cxb5 20. Bxb5 Rf7
21. h3 Bd7 22. Bd3 Rc8 23. Ra1 f4 24. exf4 Nxf4 25. Rxa7 Nxe2+ 26. Bxe2 Nd5 27. Rbxb7 Rc1+ 28. Kh2 Be8 29. Be5 Nf4 30. Bf3 Ng6
31. Bg3 Rxb7 32. Rxb7 Bf7 33. Bh5 Rc4 34. Rd7 Kg7 35. Be5+ Nxe5 36. dxe5 Rf4 37. Kg3 Rf5 38. Rxf7+ Rxf7 39. Bxf7 Kxf7 40. Kf3 h5
41. g4 Kg6 42. Ke4 h4 43. Kd4 Kf7 44. Kc5 Ke7 45. Kc6
1-0

[Event "2015: The Year Of Dogecoin"]
[Site "SchemingMind.com"]
[Date "2014.12.28"]
[Round "-"]
[White "eun77"]
[Black "Greg Magne"]
[Result "0-1"]
[WhiteCountry "ISR"]
[BlackCountry "CAN"]
[WhiteElo "1293"]
[WhiteRD "54"]
[BlackElo "1886"]
[BlackRD "71"]
[GameID "371873"]

1. c4 e5 2. d3 f5 3. e3 Nf6 4. h3 d5 5. cxd5 Nxd5 6. Nc3 Be6 7. Nxd5 Bxd5 8. Ne2 Qf6 9. Qc2 Nc6 10. f3 Bd6
11. b3 e4 12. f4 Nb4
0-1

[Event "2015: The Year Of Dogecoin"]
[Site "SchemingMind.com"]
[Date "2014.12.27"]
[Round "-"]
[White "ray winteringham"]
[Black "Greg Magne"]
[Result "0-1"]
[WhiteCountry "ENG"]
[BlackCountry "CAN"]
[WhiteElo "1478"]
[WhiteRD "50"]
[BlackElo "1921"]
[BlackRD "70"]
[GameID "371874"]

1. e4 c5 2. b4 cxb4 3. Bc4 Nc6 4. Qf3 Ne5 5. Qe2 Nxc4 6. Qxc4 Qb6 7. f3 e6 8. Ne2 Nf6 9. Qb3 Bc5 10. Rf1 a5
11. Nbc3 bxc3 12. Nxc3 Qxb3 13. axb3 d5 14. d3 Bd7 15. Bb2 Bb4 16. Kd1 dxe4 17. Nxe4 Nxe4 18. fxe4 O-O 19. c3 Bd6 20. g3 Rfc8
21. d4 e5 22. d5 Bg4+ 23. Kc2 b5 24. Kd3 g6 25. Rf2 f5 26. c4 fxe4+ 27. Kxe4 Bf5+ 28. Rxf5 gxf5+ 29. Kxf5 Rf8+ 30. Ke4 Rf2
31. Ba3 b4 32. Bb2 Rxb2
0-1

[Event "2015: The Year Of Dogecoin"]
[Site "SchemingMind.com"]
[Date "2014.12.28"]
[Round "-"]
[White "Greg Magne"]
[Black "pcmvr"]
[Result "0-1"]
[WhiteCountry "CAN"]
[BlackCountry "NED"]
[WhiteElo "1921"]
[WhiteRD "70"]
[BlackElo "2400"]
[BlackRD "167"]
[GameID "371875"]

1. e4 e6 2. d4 d5 3. Nc3 dxe4 4. Nxe4 Be7 5. Nf3 Nd7 6. Bc4 Ngf6 7. Nxf6+ Nxf6 8. O-O O-O 9. c3 b6 10. Re1 c5
11. h3 Bb7 12. Qb3 Bxf3 13. gxf3 cxd4 14. cxd4 Qxd4 15. Bxe6 Qb4 16. Bg5 fxe6 17. Qxe6+ Rf7
0-1

[Event "2015: The Year Of Dogecoin"]
[Site "SchemingMind.com"]
[Date "2014.12.31"]
[Round "-"]
[White "smothered mate"]
[Black "Greg Magne"]
[Result "1-0"]
[WhiteCountry "POL"]
[BlackCountry "CAN"]
[WhiteElo "1887"]
[WhiteRD "63"]
[BlackElo "1886"]
[BlackRD "71"]
[GameID "371876"]

1. e4 c5 2. Nf3 d6 3. d4 cxd4 4. Nxd4 Nf6 5. Nc3 a6 6. h3 b5 7. g4 Bb7 8. Bg2 Nbd7 9. g5 Ng8 10. Be3 Nc5
11. Qd2 e6 12. a3 Ne7 13. O-O-O g6 14. f4 Bg7 15. f5 exf5 16. exf5 gxf5 17. Bxb7 Nxb7 18. Qg2 Nc5 19. Rhf1 Qd7 20. Qxa8+
1-0

[Event "2015: The Year Of Dogecoin"]
[Site "SchemingMind.com"]
[Date "2014.12.27"]
[Round "-"]
[White "Scooter"]
[Black "Greg Magne"]
[Result "0-1"]
[WhiteCountry "USA"]
[BlackCountry "CAN"]
[WhiteElo "1778"]
[WhiteRD "45"]
[BlackElo "1921"]
[BlackRD "70"]
[GameID "371877"]

1. d4 d5 2. Nf3 Nf6 3. Bf4 c5 4. c3 Nc6 5. e3 Nh5 6. Bb5 Nxf4 7. exf4 e6 8. O-O Bd6 9. Ne5 Qc7 10. Bxc6+ bxc6
11. Nd2 O-O 12. Ndf3 cxd4 13. cxd4 f6 14. Nd3 a5 15. g3 Ba6 16. Re1 Rae8 17. Rc1 Qb6 18. Qc2 Bb7 19. Nc5 Bc8 20. Na4 Qb5
21. Qxc6 Bd7 22. Qxb5 Bxb5 23. Nc3 Bd3 24. Re3 Bg6 25. Rce1 Bf7 26. a3 Rb8 27. R3e2 Rb3 28. Nd2 Rxb2 29. Ndb1 Rfb8 30. Kf1 Rxe2
31. Rxe2 Rb3 32. a4 Bb4 33. Rc2 Bg6 34. Rc1 Bxb1 35. Nxb1 Rd3 36. Ke2 Rxd4 37. Rc8+ Kf7 38. Rc7+ Kg6 39. h4 Rc4 40. Rxc4 dxc4
41. Nd2 c3 42. Nb3 Kf5 43. f3 e5 44. fxe5 Kxe5 45. Kd3 Kd5 46. Nd4 g6 47. Nb5 h6= 48. Nxc3+ Bxc3 49. Kxc3 h5 50. Kd3 g5
51. Kc3 Kc5 52. hxg5 fxg5 53. f4 gxf4 54. gxf4 h4 55. f5 h3 56. f6 Kd6
0-1

[Event "2015: The Year Of Dogecoin"]
[Site "SchemingMind.com"]
[Date "2014.12.27"]
[Round "-"]
[White "John Hamer"]
[Black "Greg Magne"]
[Result "1-0"]
[WhiteCountry "ENG"]
[BlackCountry "CAN"]
[WhiteElo "2062"]
[WhiteRD "57"]
[BlackElo "1921"]
[BlackRD "70"]
[GameID "371878"]

1. d4 Nf6 2. Nf3 d5 3. c4 e6 4. Nc3 c6 5. e3 Bd6 6. Bd3 dxc4 7. Bxc4 b5 8. Bd3 a6 9. e4 c5 10. e5 cxd4
11. exf6 dxc3 12. fxg7 Rg8 13. Be4 Rxg7 14. Bxa8 Rxg2 15. bxc3 Qc7 16. Qd3 Nd7 17. Ng5 Ne5 18. Qc2 Bb7 19. Bxb7 Qxb7 20. Ne4 Be7
21. Be3 Ng4 22. Bd4 f5 23. h3 fxe4 24. hxg4 Bg5 25. Qe2 e5 26. Bc5 Qc6 27. Rd1 Qxc5 28. Kf1
1-0

[Event "2015: The Year Of Dogecoin"]
[Site "SchemingMind.com"]
[Date "2014.12.27"]
[Round "-"]
[White "Greg Magne"]
[Black "bobbassbone"]
[Result "1-0"]
[WhiteCountry "CAN"]
[BlackCountry "ENG"]
[WhiteElo "1921"]
[WhiteRD "70"]
[BlackElo "1534"]
[BlackRD "56"]
[GameID "371879"]

1. d4 c6 2. c4 d5 3. Nf3 Nf6 4. Nc3 dxc4 5. e4 b5 6. e5 Nd5 7. Ne4 e6 8. a4 a6 9. axb5 cxb5 10. b3 Bb4+
11. Bd2 Bxd2+ 12. Qxd2 cxb3 13. Bxb5+ Bd7 14. Nd6+
1-0

[Event "2015: The Year Of Dogecoin"]
[Site "SchemingMind.com"]
[Date "2014.12.27"]
[Round "-"]
[White "Greg Magne"]
[Black "Stephen Woodhouse"]
[Result "0-1"]
[WhiteCountry "CAN"]
[BlackCountry "ENG"]
[WhiteElo "1921"]
[WhiteRD "70"]
[BlackElo "1891"]
[BlackRD "50"]
[GameID "371880"]

1. e4 e6 2. d4 d5 3. Nc3 Nf6 4. Bg5 dxe4 5. Nxe4 Be7 6. Bxf6 Bxf6 7. Nf3 Nd7 8. Bd3 c5 9. Nd6+ Ke7 10. Nxc8+ Rxc8
11. dxc5 Nxc5 12. O-O Nxd3 13. cxd3 Rc6 14. Qb3 Qb6 15. Qa3+ Qc5 16. b4 Qb5 17. Rac1 Rhc8 18. Rc4 Rxc4 19. dxc4 Rxc4 20. Qxa7 Rxb4
21. Nd2 Bd4 22. Qb8 Be5 23. Qg8 h5 24. Nb3 Ra4 25. Rd1 Kf6 26. h4 Kg6 27. Qd8 Bf6 28. Qc7 Qc6 29. Qg3+ Rg4
0-1

[Event "2015: The Year Of Dogecoin"]
[Site "SchemingMind.com"]
[Date "2014.12.28"]
[Round "-"]
[White "Eric Caesar"]
[Black "Greg Magne"]
[Result "1-0"]
[WhiteCountry "NED"]
[BlackCountry "CAN"]
[WhiteElo "1936"]
[WhiteRD "79"]
[BlackElo "1921"]
[BlackRD "70"]
[GameID "371983"]

1. Nf3 d5 2. d4 Nf6 3. e3 c5 4. dxc5 Nc6 5. c3 e5 6. Bb5 Qc7 7. b4 Bg4 8. Qb3 a6 9. Be2 Be7 10. Bb2 O-O
11. Nbd2 Rfe8 12. O-O Rad8 13. a3 d4 14. Bc4 Bf8 15. cxd4 exd4 16. Nxd4 Nxd4 17. Bxd4 Rxd4 18. exd4 Bh5 19. Rfe1 b5 20. Rxe8 Nxe8
21. Bf1 Nf6 22. g3 Qd7 23. Qb2 Bg6 24. Bg2 h6 25. Nf1 Bh7 26. Ne3 g5 27. d5 Bg7 28. Rd1 Ne4 29. Qb3 a5 30. d6 a4
31. Qd5 Nc3 32. Qa8+ Bf8 33. Nd5 Nxd5 34. Qxd5
1-0

[Event "2015: The Year Of Dogecoin"]
[Site "SchemingMind.com"]
[Date "2014.12.30"]
[Round "-"]
[White "pcmvr"]
[Black "Eric Caesar"]
[Result "1-0"]
[WhiteCountry "NED"]
[BlackCountry "NED"]
[WhiteElo "2373"]
[WhiteRD "147"]
[BlackElo "1955"]
[BlackRD "79"]
[GameID "371984"]

1. b4 Nf6 2. Bb2 e6 3. b5 c5 4. Nf3 b6 5. d3 Bb7 6. g3 g6 7. Bg2 Bg7 8. Nbd2 d5 9. O-O O-O 10. e3 Nbd7
11. a4 a5 12. Qe2 Qc7 13. c4 Rad8 14. Rfd1 Rfe8 15. d4 Ne4 16. Rac1 f5 17. Ba3 h6 18. cxd5 exd5 19. Nh4 Kh7 20. Nxe4 dxe4
21. Qa2 Nf6 22. dxc5 bxc5 23. Bf1 Rxd1 24. Rxd1 Rc8 25. Qe6 c4 26. b6 Qc6 27. Qf7 Ng4 28. Rd7
1-0

[Event "2015: The Year Of Dogecoin"]
[Site "SchemingMind.com"]
[Date "2015.01.02"]
[Round "-"]
[White "Eric Caesar"]
[Black "smothered mate"]
[Result "1-0"]
[WhiteCountry "NED"]
[BlackCountry "POL"]
[WhiteElo "1929"]
[WhiteRD "76"]
[BlackElo "1887"]
[BlackRD "63"]
[GameID "371985"]

1. e3 e5 2. d4 exd4 3. exd4 d5 4. Nf3 c5 5. Bb5+ Bd7 6. Qe2+ Be7 7. O-O Nf6 8. Re1 Nc6 9. dxc5 Ne4 10. Nc3 Nxc3
11. bxc3 Be6 12. Nd4 Qd7 13. Nxe6 fxe6 14. Qxe6 Qxe6 15. Rxe6 Kd7 16. Re5 Bf6 17. Rxd5+ Kc7 18. Bf4+ Kc8 19. Rad1 Re8 20. g3 Bxc3
21. Rd7 Ba5 22. Rxg7 a6 23. Ba4 Re1+ 24. Rxe1 Bxe1 25. Bxc6 bxc6 26. Rc7+ Kd8 27. Rxh7
1-0

[Event "2015: The Year Of Dogecoin"]
[Site "SchemingMind.com"]
[Date "2014.12.29"]
[Round "-"]
[White "Eric Caesar"]
[Black "Scooter"]
[Result "1-0"]
[WhiteCountry "NED"]
[BlackCountry "USA"]
[WhiteElo "1936"]
[WhiteRD "79"]
[BlackElo "1778"]
[BlackRD "45"]
[GameID "371986"]

1. c4 e5 2. g3 d6 3. Bg2 Nf6 4. Nc3 g6 5. e3 Bg7 6. Nge2 O-O 7. O-O Nbd7 8. b3 Rb8 9. Bb2 b6 10. f4 Bb7
11. d4 Bxg2 12. Kxg2 exd4 13. Nxd4 Qc8 14. Nc6 Qb7 15. Qf3
1-0

[Event "2015: The Year Of Dogecoin"]
[Site "SchemingMind.com"]
[Date "2014.12.29"]
[Round "-"]
[White "Eric Caesar"]
[Black "John Hamer"]
[Result "0-1"]
[WhiteCountry "NED"]
[BlackCountry "ENG"]
[WhiteElo "1936"]
[WhiteRD "79"]
[BlackElo "2062"]
[BlackRD "57"]
[GameID "371987"]

1. d4 d5 2. Nf3 e6 3. e3 Nf6 4. Bd3 c5 5. c3 Nc6 6. Nbd2 Bd6 7. O-O O-O 8. Qe2 e5 9. dxc5 Bxc5 10. e4 Qc7
11. exd5 Nxd5 12. Ne4 Be7 13. Neg5 h6 14. Nh3 Rd8 15. Kh1 Nf6 16. Bc2 Bg4 17. Nhg1 Rd7 18. h3 Be6 19. Re1 Bd6 20. Nd2 Rad8
21. Ngf3 Bc5 22. Ne4 Nxe4 23. Bxe4 Bd5 24. Bf5 Rd6 25. Be3 Rf6 26. Bxc5 Rxf5 27. Nh2 Qa5 28. Be3 Rf6 29. Nf1 Rfd6 30. Ng3 b5
31. Nf5 Rf6 32. Ng3 Qa4 33. b4 Rg6 34. Kh2 Bc4 35. Qf3 Rd3 36. Rec1 Qa3 37. h4 Rxc3 38. h5 Rxc1 39. Rxc1 Rf6 40. Qg4 Be6
41. Qe2 Nd4 42. Qd2 Bc4 43. Bxd4 exd4 44. Re1 Qxa2 45. Qxd4 Rxf2 46. Re8+ Kh7 47. Qe4+ f5 48. Qa8 Bg8 49. Re5 Qc4
0-1

[Event "2015: The Year Of Dogecoin"]
[Site "SchemingMind.com"]
[Date "2015.01.02"]
[Round "-"]
[White "eun77"]
[Black "Eric Caesar"]
[Result "0-1"]
[WhiteCountry "ISR"]
[BlackCountry "NED"]
[WhiteElo "1264"]
[WhiteRD "56"]
[BlackElo "1970"]
[BlackRD "76"]
[GameID "371988"]

1. c4 Nf6 2. d3 e6 3. e4 c6 4. Nf3 d5 5. Be2 dxe4 6. dxe4 e5 7. Qxd8+ Kxd8 8. O-O Bd6 9. h3 Nxe4 10. Nc3 Nxc3
11. bxc3 f6 12. Nh2 Kc7 13. a4 Na6 14. c5 Nxc5 15. Ba3 Ne4 16. Bxd6+ Nxd6 17. Rfd1 Be6 18. Bg4 f5 19. Be2 Rad8 20. Rab1 Bc4
21. Bxc4 Nxc4 22. Rxd8 Rxd8 23. Nf3 Nd2 24. Nxd2 Rxd2 25. Kf1 c5 26. f3 Ra2
0-1

[Event "2015: The Year Of Dogecoin"]
[Site "SchemingMind.com"]
[Date "2014.12.29"]
[Round "-"]
[White "ray winteringham"]
[Black "Eric Caesar"]
[Result "0-1"]
[WhiteCountry "ENG"]
[BlackCountry "NED"]
[WhiteElo "1478"]
[WhiteRD "50"]
[BlackElo "1936"]
[BlackRD "79"]
[GameID "371989"]

1. e4 c5 2. Nf3 d6 3. Be2 Nf6 4. d3 Nc6 5. O-O g6 6. h3 Bg7 7. Be3 O-O 8. Nc3 a6 9. a3 b5 10. Bf4 Bb7
11. Bg3 e5 12. Nh2 Nd4 13. Nf3 Re8 14. Qd2 Qb6 15. Rfb1 Nxe2+ 16. Nxe2 Rad8 17. Qe1 a5 18. b3 Nd7 19. c4 b4 20. Nd2 Rf8
21. axb4 axb4 22. Ra2 Ra8 23. Rba1 Rxa2 24. Rxa2 Ra8 25. Nc1 Rxa2 26. Nxa2 Qa5 27. Qb1 Qa3 28. Qc2 Bc8 29. Nb1 Qa8 30. Nd2 Nf8
31. Nc1 Qa1 32. Qb1 Qa8 33. f3 Ne6 34. Ne2 Qa3 35. Kf2 Bh6 36. Nf1 Nd8 37. Bh4 Nb7 38. Be7 f5 39. Nh2 Kf7 40. Bh4 g5
41. Bxg5 Bxg5 42. exf5 Bxf5 43. g4 Bg6 44. Nf1 Na5 45. Nfg3 Qxb3 46. Qa1 Qa3 47. Qd1 b3 48. Nc3 Nc6 49. Nb5 Qa2+ 50. Ne2 Ke7
51. Nc3 Qc2 52. Qxc2 bxc2 53. Na2 Bxd3
0-1

[Event "2015: The Year Of Dogecoin"]
[Site "SchemingMind.com"]
[Date "2014.12.29"]
[Round "-"]
[White "bobbassbone"]
[Black "Eric Caesar"]
[Result "0-1"]
[WhiteCountry "ENG"]
[BlackCountry "NED"]
[WhiteElo "1566"]
[WhiteRD "55"]
[BlackElo "1974"]
[BlackRD "118"]
[GameID "371990"]

1. d4 Nf6 2. Bf4 d6 3. e3 g6 4. Nd2 Bg7 5. Ngf3 b6 6. c3 O-O 7. Be2 Bb7 8. Qc2 c5 9. h3 cxd4 10. exd4 Nc6
11. g4 Rc8 12. g5 Nd5 13. h4 Nxf4 14. Ne4 Nxd4 15. Nxd4 Bxd4 16. Qd2 Be5 17. Rg1 Bxe4
0-1

[Event "2015: The Year Of Dogecoin"]
[Site "SchemingMind.com"]
[Date "2014.12.29"]
[Round "-"]
[White "Stephen Woodhouse"]
[Black "Eric Caesar"]
[Result "1/2-1/2"]
[WhiteCountry "ENG"]
[BlackCountry "NED"]
[WhiteElo "1891"]
[WhiteRD "50"]
[BlackElo "1936"]
[BlackRD "79"]
[GameID "371991"]

1. e4 e5 2. Nf3 Nc6 3. d4 exd4 4. Nxd4 Nf6 5. Nc3 Bb4 6. Nxc6 bxc6 7. Bd3 d5 8. exd5 cxd5 9. O-O O-O 10. Bg5 c6
11. Qf3 Bd6 12. Rae1 Rb8 13. Nd1 Be6 14. b3 Re8 15. Ne3 Bb4 16. Rd1 Bc3 17. Nf5 Bxf5 18. Qxf5 Qd7 19. Qxd7 Nxd7 20. Bd2 Bxd2
21. Rxd2= Re7 22. Rfd1 c5 23. Kf1 Nf6 24. Re1 Kf8 25. Rde2 Rbe8 26. f3 h6 27. Rxe7 Rxe7 28. Rxe7 Kxe7 29. Ke2 Kd6 30. c3 Ke5
31. g3 g5 32. Ke3 Nh5 33. Be2 f5 34. b4 cxb4 35. cxb4 f4+ 36. gxf4+ Nxf4 37. Bf1 d4+ 38. Kd2 Kd5=
1/2-1/2

[Event "2015: The Year Of Dogecoin"]
[Site "SchemingMind.com"]
[Date "2014.12.30"]
[Round "-"]
[White "emvarela"]
[Black "Eric Caesar"]
[Result "0-1"]
[WhiteCountry "ARG"]
[BlackCountry "NED"]
[WhiteElo "1679"]
[WhiteRD "50"]
[BlackElo "1970"]
[BlackRD "76"]
[GameID "371992"]

1. e4 c5 2. Nf3 d6 3. d4 cxd4 4. Nxd4 Nf6 5. Nc3 a6 6. Bg5 Nbd7 7. Bc4 b5 8. Bb3 Bb7 9. Bxf6 Nxf6 10. Qd3 e6
11. O-O-O b4 12. Ba4+ Nd7 13. Bxd7+ Qxd7 14. Nce2 Be7 15. f4 O-O 16. g4 a5 17. Ng3 a4 18. Qb5 Qc7 19. Qxb4 Rfc8 20. Qd2 Bf6
21. g5 Bxd4 22. c3 Bb6 23. Qxd6 Be3+ 24. Kc2 Bxf4 25. Qxc7 Rxc7 26. Rhg1 Bxg3 27. Rxg3 Bxe4+ 28. Kc1 g6 29. Rd4 Bd5 30. a3 Rc4
31. Rxc4 Bxc4 32. Rg4 Bb3 33. Rd4 Kf8 34. h4 Ke7 35. Kd2 Rd8 36. Rxd8 Kxd8 37. Kd3 Ke7 38. Kd4 f5 39. Ke5 Ba2 40. Kd4 Kd6
0-1

[Event "2015: The Year Of Dogecoin"]
[Site "SchemingMind.com"]
[Date "2014.12.29"]
[Round "-"]
[White "John Hamer"]
[Black "santoshp"]
[Result "1-0"]
[WhiteCountry "ENG"]
[BlackCountry "IND"]
[WhiteElo "2053"]
[WhiteRD "58"]
[BlackElo "1279"]
[BlackRD "155"]
[GameID "372086"]

1. b4 e5 2. Bb2 d6 3. e4 Nf6 4. d3 a5 5. b5 Bd7 6. Nc3 c6 7. d4 cxb5 8. Nxb5 a4 9. dxe5 dxe5 10. Bxe5 Bb4+
11. c3 Ba5 12. Nd6+ Kf8 13. Nxb7 Qe7 14. Bd6 Bxc3+ 15. Ke2 Bxa1 16. Bxe7+ Kxe7 17. Qxa1
1-0

[Event "2015: The Year Of Dogecoin"]
[Site "SchemingMind.com"]
[Date "2014.12.29"]
[Round "-"]
[White "santoshp"]
[Black "ray winteringham"]
[Result "0-1"]
[WhiteCountry "IND"]
[BlackCountry "ENG"]
[WhiteElo "1279"]
[WhiteRD "155"]
[BlackElo "1486"]
[BlackRD "52"]
[GameID "372087"]

1. e4 c5 2. Nf3 Nc6 3. Nc3 g6 4. d4 cxd4 5. Nxd4 Bg7 6. Nb3 Bxc3+ 7. bxc3 e5 8. Bb2 d6 9. Qf3 Nge7 10. O-O-O h5
11. Bc4 O-O 12. Rd2 b6 13. Rhd1 Bg4 14. Rxd6 Qe8
0-1

[Event "2015: The Year Of Dogecoin"]
[Site "SchemingMind.com"]
[Date "2014.12.29"]
[Round "-"]
[White "santoshp"]
[Black "bobbassbone"]
[Result "0-1"]
[WhiteCountry "IND"]
[BlackCountry "ENG"]
[WhiteElo "1279"]
[WhiteRD "155"]
[BlackElo "1566"]
[BlackRD "60"]
[GameID "372088"]

1. e4 c6 2. Nf3 d5 3. exd5 cxd5 4. d4 Bg4 5. Be2 e6 6. Ne5 Bxe2 7. Qxe2 Nd7 8. O-O Bd6 9. Nc3 Ngf6 10. Nb5 Qb6
11. Nxd6+ Qxd6 12. g3 Qc7 13. c4 dxc4 14. Bf4 Nd5 15. Nxf7 Qc8
0-1

[Event "2015: The Year Of Dogecoin"]
[Site "SchemingMind.com"]
[Date "2014.12.29"]
[Round "-"]
[White "santoshp"]
[Black "Stephen Woodhouse"]
[Result "0-1"]
[WhiteCountry "IND"]
[BlackCountry "ENG"]
[WhiteElo "1279"]
[WhiteRD "155"]
[BlackElo "1883"]
[BlackRD "48"]
[GameID "372089"]

1. e4 e6 2. Nf3 d5 3. exd5 exd5 4. d4 Bd6 5. Nc3 c6 6. a3 Ne7 7. Bd3 O-O 8. O-O Bf5 9. b4 Nd7 10. Re1 Bxd3
11. Qxd3 Ng6 12. g3 Re8 13. Bd2 Qc7 14. Re2 Rxe2 15. Nxe2 Re8 16. Re1 Nf6 17. Nc3 Rxe1+ 18. Nxe1 Qe7 19. h4 Ne4 20. Nxe4 Qxe4
21. Qe3 Qxe3 22. Bxe3 Kf8 23. Nd3 Ke7 24. Kg2 Ke6 25. f4 Nf8 26. Nc5+ Bxc5 27. dxc5 Kf5 28. Kf3 h5 29. Bd4 Ne6 30. c3 g6
0-1

[Event "2015: The Year Of Dogecoin"]
[Site "SchemingMind.com"]
[Date "2014.12.29"]
[Round "-"]
[White "Eric Caesar"]
[Black "santoshp"]
[Result "1-0"]
[WhiteCountry "NED"]
[BlackCountry "IND"]
[WhiteElo "1955"]
[WhiteRD "79"]
[BlackElo "1279"]
[BlackRD "155"]
[GameID "372092"]

1. Nf3 Nc6 2. d4 d5 3. e3 Nf6 4. c3 Bg4 5. Nbd2 h6 6. Bd3 e6 7. Qa4 a6 8. Ne5 Qd6 9. Nxg4 Nxg4 10. h3 Nf6
11. O-O Qd7 12. e4 Ne7 13. Qd1 Ng6 14. e5 Ne4 15. Nxe4 dxe4 16. Bxe4 O-O-O 17. Qb3 Qb5 18. Qxb5
1-0

[Event "2015: The Year Of Dogecoin"]
[Site "SchemingMind.com"]
[Date "2014.12.31"]
[Round "-"]
[White "Greg Magne"]
[Black "pigeon"]
[Result "1-0"]
[WhiteCountry "CAN"]
[BlackCountry "GBR"]
[WhiteElo "1921"]
[WhiteRD "70"]
[BlackElo "1176"]
[BlackRD "64"]
[GameID "372147"]

1. e4 e5 2. Nf3 d6 3. d4 Bg4 4. dxe5 Nd7 5. exd6 cxd6 6. Be2 Qb6 7. Nc3 Rc8 8. O-O Ngf6 9. h3 Bxf3 10. Bxf3 Ne5
11. Nd5 Nxd5 12. exd5 Nxf3+ 13. Qxf3 f6 14. Re1+ Kf7 15. Qe4 g6 16. Qe6+ Kg7 17. Qxc8 g5 18. h4 gxh4 19. Qg4+ Kf7 20. Qxh4 h5
21. Re6 Qc5 22. Qxf6+ Kg8 23. Qg6+ Bg7 24. Re8#
1-0

[Event "2015: The Year Of Dogecoin"]
[Site "SchemingMind.com"]
[Date "2014.12.30"]
[Round "-"]
[White "pigeon"]
[Black "pcmvr"]
[Result "0-1"]
[WhiteCountry "GBR"]
[BlackCountry "NED"]
[WhiteElo "1176"]
[WhiteRD "64"]
[BlackElo "2400"]
[BlackRD "167"]
[GameID "372148"]

1. e3 e5 2. Qf3 Nf6 3. Bc4 d5 4. Bb5+ c6 5. Ba4 Nbd7 6. Nc3 Bd6 7. Qg3 O-O 8. Nce2 Nc5 9. Nc3 d4 10. exd4 exd4
11. Qf3 Bg4 12. Nce2 Bxf3 13. Nxf3 d3 14. cxd3 Nxd3+ 15. Kf1 Qb6 16. Ned4 Be5 17. Ke2 Nf4+ 18. Kf1 Bxd4 19. Nxd4 Qxd4 20. g3 Ng4
21. Ke1 Qe4+ 22. Kd1 Nxf2#
0-1

[Event "2015: The Year Of Dogecoin"]
[Site "SchemingMind.com"]
[Date "2015.01.04"]
[Round "-"]
[White "smothered mate"]
[Black "pigeon"]
[Result "1-0"]
[WhiteCountry "POL"]
[BlackCountry "GBR"]
[WhiteElo "1887"]
[WhiteRD "63"]
[BlackElo "1141"]
[BlackRD "67"]
[GameID "372149"]

1. e4 e6 2. d4 d5 3. e5 Nc6 4. Nf3 h6 5. Bd3 Nge7 6. c3 b6 7. O-O f5 8. exf6 gxf6 9. Re1 Rg8 10. Bf4 Rg4
11. Bg3 Rxg3 12. hxg3 Ng8 13. Bg6+ Ke7 14. Nh4 Bg7 15. Qh5 e5 16. Bf5 Ba6 17. Ng6+ Kd6 18. a4 Na5 19. Na3 c5 20. b4 cxb4
21. cxb4 Nb3 22. dxe5+ fxe5 23. Rad1 Nf6 24. Qf3 Kc6 25. b5+ Bxb5 26. axb5+ Kb7 27. Qxb3 a5 28. Rxe5 d4 29. Qf7+ Kb8 30. Ne7 Qc7
31. Nc6+ Kb7 32. Re7 Nd7 33. Rxd7 Qxd7 34. Qxd7#
1-0